Determinanty tvorby výsledku hospodárenia pri výrobe pšenice
Vplyv intenzifikačných faktorov, vlastných nákladov, dotácií a ostatných výnosov na zmenu výsledku hospodárenia pšenice v kukuričnej výrobnej oblasti v SR. V článku boli použité podkladové údaje z publikácie Vlastné náklady a výsledky hospodárenia poľnohospodárskych podnikov v SR v triedení podľa vý...
Na minha lista:
| Autor principal: | |
|---|---|
| Outros Autores: | |
| Formato: | Capítulo de Livro |
| Idioma: | eslovaco |
| Assuntos: | |
| Tags: |
Sem tags, seja o primeiro a adicionar uma tag!
|
MARC
| LEADER | 00000naa$a2200000$$$4500 | ||
|---|---|---|---|
| 001 | 0040870 | ||
| 005 | 20231018091506.6 | ||
| 041 | 0 | |a slo | |
| 044 | |a SK | ||
| 245 | 1 | 0 | |a Determinanty tvorby výsledku hospodárenia pri výrobe pšenice |c Ivan Mojmír Zoborský, Miroslava Vodilová |
| 520 | |a Vplyv intenzifikačných faktorov, vlastných nákladov, dotácií a ostatných výnosov na zmenu výsledku hospodárenia pšenice v kukuričnej výrobnej oblasti v SR. V článku boli použité podkladové údaje z publikácie Vlastné náklady a výsledky hospodárenia poľnohospodárskych podnikov v SR v triedení podľa výrobných oblastí. Časový horizont výskumu spadá do rokov 2000-2004. | ||
| 610 | 2 | 0 | |a pšenica |
| 610 | 2 | 0 | |a výsledok hospodársky |
| 610 | 2 | 0 | |a náklady vlastné |
| 610 | 2 | 0 | |a výnosy hektárové |
| 610 | 2 | 0 | |a Slovensko |
| 610 | 2 | 0 | |a 2000-2004 |
| 100 | 1 | |a Zoborský, Ivan Mojmír | |
| 700 | 1 | |a Vodilová, Miroslava | |